• Burgio, Alberto

di Personal Name

Records bibliografici associati: 1

001 - CONTROL NUMBER

  • control field: 58454

003 - CONTROL NUMBER IDENTIFIER

  • control field:

005 - DATE AND TIME OF LATEST TRANSACTION

  • control field: 20200907085048.0

008 - FIXED-LENGTH DATA ELEMENTS

  • fixed length control field: 200907|| aca||aabn | a|a d

040 ## - CATALOGING SOURCE

  • Original cataloging agency:
  • Transcribing agency:

100 ## - HEADING--PERSONAL NAME

  • Personal name: Burgio, Alberto
  • Dates associated with a name: 1955-

670 ## - SOURCE DATA FOUND

  • Source citation: Work cat.: ()358870: 27611 Feuerbach, Ludwig autore aut 1804-1872, L'essenza del cristianesimo /, 2008 (2a).
CREDITS: SOCIETA' SAN PAOLO Via A.Severo, 58 - ROMA (RM) & PERIODICI SAN PAOLO SRL Via Giotto, 36 MILANO & CISF Via Giotto, 36 MILANO & EDIZIONI SAN PAOLO SRL,  Piazza Soncino, 5 CINISELLO BALSAMO (MI) -- ITALY